| 000 | 00761nam a2200217 a 4500 | ||
|---|---|---|---|
| 001 | BRCA_1094 | ||
| 005 | 20190320203257.0 | ||
| 008 | 931112s1992 mx-a---##c---#000-0#spa-# | ||
| 020 | _a9687009330 | ||
| 040 |
_aDLC _cDLC _dDLC |
||
| 050 | 4 |
_aND250 _b.C65 1992 |
|
| 245 | 1 | 0 |
_aLa colección pictórica del Banco Nacional de México _cJorge Alberto Manrique ... [et al.]. |
| 260 |
_aMéxico _bGrupo Financiero BANAMEX-ACCIVAL _c1992 |
||
| 300 |
_a268 p. _bil. a color _c32 cm. |
||
| 610 | 2 | 4 |
_aBanco Nacional de México _xColecciones de arte _93601 |
| 650 | 1 | 4 |
_aPintura mexicana _xCatálogos. _93239 |
| 650 | 1 | 4 |
_aPintura _xColecciones privadas _zMéxico _93602 |
| 700 | 1 |
_aManrique, Jorge Alberto _92318 |
|
| 710 | 2 |
_aBanco Nacional de México _93603 |
|
| 942 |
_2lcc _cB |
||
| 999 |
_c973 _d973 |
||